Eine Ausstellung und ihre Folgen: zur Rezeption der Ausstellung "Vernichtungskrieg. Verbrechen der Wehrmacht 1941 bis 1944"
| Körperschaften: | ; |
|---|---|
| Medienart: | Druck Buch |
| Sprache: | Deutsch |
| Veröffentlicht: |
Hamburg
Hamburger Edition
1999
|
| In: | Jahr: 1999 |
| Ausgabe: | 1. Aufl. |
| Online-Zugang: |
Inhaltsverzeichnis Inhaltsverzeichnis |
| Bestand in Tübingen: | In Tübingen vorhanden. UB: 40 A 1068 |
| Verfügbarkeit prüfen: | HBZ Gateway |
| Subito Bestelldienst: | Jetzt bestellen. |
| Schlagwörter: |
MARC
| LEADER | 00000cam a2200000 c 4500 | ||
|---|---|---|---|
| 001 | 267695918 | ||
| 003 | DE-627 | ||
| 005 | 20260206204500.0 | ||
| 007 | tu | ||
| 008 | 990420s1999 gw ||||| 00| ||ger c | ||
| 015 | |a 99,N18,0584 |2 dnb | ||
| 015 | |a 00,A11,0722 |2 dnb | ||
| 016 | 7 | |a 955273528 |2 DE-101 | |
| 020 | |a 3930908484 |9 3-930908-48-4 | ||
| 035 | |a (DE-627)267695918 | ||
| 035 | |a (DE-603)071875980 | ||
| 035 | |a (DE-576)074829211 | ||
| 035 | |a (DE-599)DNB955273528 | ||
| 035 | |a (OCoLC)845246490 | ||
| 035 | |a (OCoLC)845246490 | ||
| 035 | |a (OCoLC)41878470 | ||
| 035 | |a (AT-OBV)AC02551973 | ||
| 035 | |a (DE-H357)his18504 | ||
| 040 | |a DE-627 |b ger |c DE-627 |e rda | ||
| 041 | |a ger | ||
| 044 | |c XA-DE |c XA-AT | ||
| 050 | 0 | |a D757 | |
| 082 | 0 | 4 | |a 63 |q dnb |
| 084 | |a GESCH 303 (54) |2 sfb | ||
| 084 | |a GESCH 303 (56) |2 sfb | ||
| 084 | |a GESCH 311 D |2 sfb | ||
| 084 | |a 21 |2 sdnb | ||
| 084 | |a 21 |a 19 |a 63 |2 sdnb | ||
| 084 | |a NQ 2300 |2 rvk |0 (DE-625)rvk/128245: | ||
| 084 | |a NQ 2650 |2 rvk |0 (DE-625)rvk/128296: | ||
| 084 | |a NQ 6020 |2 rvk |0 (DE-625)rvk/128681: | ||
| 084 | |a 15.24 |2 bkl | ||
| 084 | |a 89.21 |2 bkl | ||
| 084 | |a 89.83 |2 bkl | ||
| 084 | |a 89.22 |2 bkl | ||
| 245 | 0 | 5 | |a Eine Ausstellung und ihre Folgen |b zur Rezeption der Ausstellung "Vernichtungskrieg. Verbrechen der Wehrmacht 1941 bis 1944" |c Hamburger Institut für Sozialforschung (Hg.). [Red.: Bernd Ulrich] |
| 250 | |a 1. Aufl. | ||
| 264 | 1 | |a Hamburg |b Hamburger Edition |c 1999 | |
| 300 | |a 322 S. |b Ill. | ||
| 336 | |a Text |b txt |2 rdacontent | ||
| 337 | |a ohne Hilfsmittel zu benutzen |b n |2 rdamedia | ||
| 338 | |a Band |b nc |2 rdacarrier | ||
| 361 | 1 | |a Sammlung Buchenwald der Herzogin Anna Amalia Bibliothek |5 DE-32 |y 325342865 |s NQ 6020 U45 |o Sammlung |0 (DE-588)1158507305 |0 (DE-627)1020520876 |0 (DE-576)504002791 | |
| 583 | 1 | |a Archivierung/Langzeitarchivierung gewährleistet |f SSG |x XA-DE-BW |2 pdager |5 DE-21 | |
| 610 | 1 | 0 | |a Germany |b Wehrmacht |x Historiography |
| 611 | 2 | 7 | |0 (DE-588)4461149-3 |0 (DE-627)230616410 |0 (DE-576)21267207X |a Ausstellung Vernichtungskrieg - Verbrechen der Wehrmacht 1941 - 1944 |2 gnd |
| 648 | 7 | |a Geschichte 1995-1999 |2 gnd | |
| 650 | 0 | |a World War, 1939-1945 |z Germany |x Historiography | |
| 650 | 0 | |a World War, 1939-1945 |z Germany |v Exhibitions | |
| 650 | 0 | 7 | |0 (DE-588)4049716-1 |0 (DE-627)104675152 |0 (DE-576)209083182 |a Rezeption |2 gnd |
| 650 | 4 | |a Kriegsverbrechen | |
| 650 | 4 | |a Wehrmacht | |
| 650 | 4 | |a Weltkrieg II | |
| 650 | 4 | |a Vergangenheitsbewältigung | |
| 650 | 4 | |a Bundesrepublik Deutschland | |
| 650 | 4 | |a War Crimes | |
| 650 | 4 | |a World War II | |
| 650 | 4 | |a historical memory/historical clarification | |
| 650 | 4 | |a Federal Republic of Germany | |
| 651 | 7 | |0 (DE-588)4011882-4 |0 (DE-627)104704861 |0 (DE-576)208896155 |a Deutschland |2 gnd | |
| 651 | 7 | |0 (DE-588)4043271-3 |0 (DE-627)10420317X |0 (DE-576)209054964 |a Österreich |2 gnd | |
| 655 | 7 | |a Aufsatzsammlung |0 (DE-588)4143413-4 |0 (DE-627)105605727 |0 (DE-576)209726091 |2 gnd-content | |
| 689 | 0 | 0 | |d g |0 (DE-588)4011882-4 |0 (DE-627)104704861 |0 (DE-576)208896155 |a Deutschland |2 gnd |
| 689 | 0 | 1 | |d f |0 (DE-588)4461149-3 |0 (DE-627)230616410 |0 (DE-576)21267207X |a Ausstellung Vernichtungskrieg - Verbrechen der Wehrmacht 1941 - 1944 |2 gnd |
| 689 | 0 | 2 | |d s |0 (DE-588)4049716-1 |0 (DE-627)104675152 |0 (DE-576)209083182 |a Rezeption |2 gnd |
| 689 | 0 | 3 | |d g |0 (DE-588)4043271-3 |0 (DE-627)10420317X |0 (DE-576)209054964 |a Österreich |2 gnd |
| 689 | 0 | 4 | |a z |2 gnd |a Geschichte 1995-1999 |
| 689 | 0 | |5 DE-101 | |
| 710 | 2 | |a Hamburger Institut für Sozialforschung |e Herausgebendes Organ |0 (DE-588)2080678-4 |0 (DE-627)100038921 |0 (DE-576)192244469 |4 isb | |
| 711 | 2 | |a Ausstellung Vernichtungskrieg. Verbrechen der Wehrmacht 1941 bis 1944 |n 1 |d 1995 - 1999 |c Hamburg u.a. |0 (DE-588)2155189-3 |0 (DE-627)197898904 |0 (DE-576)195731840 |4 oth | |
| 856 | 4 | 2 | |u http://www.gbv.de/dms/bs/toc/267695918.pdf |m V:DE-601 |m B:DE-84 |q pdf/application |x Verlag |y Inhaltsverzeichnis |3 Inhaltsverzeichnis |7 1 |
| 856 | 4 | 2 | |u http://scans.hebis.de/HEBCGI/show.pl?07187598_toc.pdf |m V:DE-603;B:DE-30 |q application/pdf |3 Inhaltsverzeichnis |7 1 |
| 935 | |a mkri |a BWLB | ||
| 935 | |i Blocktest | ||
| 936 | r | v | |a NQ 2300 |b Wehrmacht im Dritten Reich, Strategische Planung, Rüstung, Luftschutz, Geheimdienst |k Geschichte |k Geschichte seit 1918 |k Drittes Reich |k Innere Geschichte |k Wehrmacht im Dritten Reich, Strategische Planung, Rüstung, Luftschutz, Geheimdienst |0 (DE-627)1270715232 |0 (DE-625)rvk/128245: |0 (DE-576)200715232 |
| 936 | r | v | |a NQ 2650 |b Russlandkrieg 1941 - 1945 / Ostfront |k Geschichte |k Geschichte seit 1918 |k Geschichte des Zweiten Weltkrieges |k Kriegsausbruch und Kriegsverlauf |k Russlandkrieg 1941 - 1945 / Ostfront |0 (DE-627)1270775693 |0 (DE-625)rvk/128296: |0 (DE-576)200775693 |
| 936 | r | v | |a NQ 6020 |b Geistige Auseinandersetzungen mit dem Nationalsozialismus und Neuorientierung |k Geschichte |k Geschichte seit 1918 |k Deutsche Geschichte seit 1945 |k Der Zusammenbruch und seine Folgen |k Geistige Auseinandersetzungen mit dem Nationalsozialismus und Neuorientierung |0 (DE-627)1270750801 |0 (DE-625)rvk/128681: |0 (DE-576)200750801 |
| 936 | b | k | |a 15.24 |j Zweiter Weltkrieg |0 (DE-627)181571013 |
| 936 | b | k | |a 89.21 |j Faschismus |0 (DE-627)106414607 |
| 936 | b | k | |a 89.83 |j Kriegführung |0 (DE-627)106407783 |
| 936 | b | k | |a 89.22 |j Nationalismus |0 (DE-627)106408933 |
| 936 | s | n | |a n100 |2 mzub |
| 936 | s | n | |a m100 |2 mzub |
| 936 | s | n | |a p100 |2 mzub |
| 938 | 1 | 0 | |0 (DE-627)175614625X |0 (DE-615)6603417 |a Deutschland |2 fivt |
| 938 | 1 | 0 | |0 (DE-627)1756149089 |0 (DE-615)6603616 |a Österreich |2 fivt |
| 951 | |a BO | ||
| ELC | |b 1 | ||
| LOK | |0 000 xxxxxcx a22 zn 4500 | ||
| LOK | |0 001 3082266940 | ||
| LOK | |0 003 DE-627 | ||
| LOK | |0 004 267695918 | ||
| LOK | |0 005 20020213000000 | ||
| LOK | |0 008 000412||||||||||||||||ger||||||| | ||
| LOK | |0 040 |a DE-21 |c DE-627 |d DE-21 | ||
| LOK | |0 852 |a DE-21 | ||
| LOK | |0 852 1 |c 40 A 1068 |9 00 | ||
| LOK | |0 938 |l 25 |8 2 | ||
| LOK | |0 939 |a 12-04-00 |b l01 | ||
| LOK | |0 000 xxxxxcx a22 zn 4500 | ||
| LOK | |0 001 308226705X | ||
| LOK | |0 003 DE-627 | ||
| LOK | |0 004 267695918 | ||
| LOK | |0 005 20100406144906 | ||
| LOK | |0 008 050824||||||||||||||||ger||||||| | ||
| LOK | |0 040 |a DE-21-106 |c DE-627 |d DE-21-106 | ||
| LOK | |0 541 |e 413/99 | ||
| LOK | |0 689 |a s |0 131141374X |a Ausstellung | ||
| LOK | |0 689 |a s |0 1311402020 |a Vergangenheitsbewältigung | ||
| LOK | |0 689 |a s |0 1311402489 |a Kriegsverbrechen | ||
| LOK | |0 689 |a s |0 1311400397 |a Zweiter Weltkrieg | ||
| LOK | |0 852 |a DE-21-106 | ||
| LOK | |0 852 1 |c Q X AUS 1 |m p |9 00 | ||
| LOK | |0 935 |a k106 | ||
| LOK | |0 938 |k p | ||
| LOK | |0 939 |a 24-08-05 |b l01 | ||
| LOK | |0 000 xxxxxcx a22 zn 4500 | ||
| LOK | |0 001 3082267076 | ||
| LOK | |0 003 DE-627 | ||
| LOK | |0 004 267695918 | ||
| LOK | |0 005 20110630132207 | ||
| LOK | |0 008 050309||||||||||||||||ger||||||| | ||
| LOK | |0 040 |a DE-21-52 |c DE-627 |d DE-21-52 | ||
| LOK | |0 541 |e 99/772 | ||
| LOK | |0 689 |a s |0 1310927979 |a Vernichtungskrieg <1995 -, Hamburg u.a.> | ||
| LOK | |0 689 |a s |0 1310927987 |a Wehrmacht | ||
| LOK | |0 689 |a s |0 1310927995 |a Weltkrieg <1939-1945>, Wehrmacht | ||
| LOK | |0 689 |a s |0 1310975604 |a Kriegsverbrechen | ||
| LOK | |0 852 |a DE-21-52 | ||
| LOK | |0 852 1 |c Ma 199-240 |m p |9 00 | ||
| LOK | |0 935 |a k052 | ||
| LOK | |0 938 |k p | ||
| LOK | |0 939 |a 09-03-05 |b l01 | ||
| LOK | |0 000 xxxxxcx a22 zn 4500 | ||
| LOK | |0 001 308226820X | ||
| LOK | |0 003 DE-627 | ||
| LOK | |0 004 267695918 | ||
| LOK | |0 005 19990628000000 | ||
| LOK | |0 008 990628||||||||||||||||ger||||||| | ||
| LOK | |0 040 |a DE-Frei85 |c DE-627 |d DE-Frei85 | ||
| LOK | |0 852 |a DE-Frei85 | ||
| LOK | |0 852 1 |m p |9 00 | ||
| LOK | |0 938 |k p | ||
| LOK | |0 939 |a 28-06-99 |b l01 | ||
| ORI | |a SA-MARC-krimdoka001.raw | ||
| SIG | |a UB: 40 A 1068 | ||
| TIM | |a 100019950101_100019991231 |b Geschichte 1995-1999 | ||
